Tài liệu tham khảo phục vụ nghiên cứu, học tập các nghị quyết hội nghị lần thứ năm ban chấp hành trung ương Đảng khoá IX
Nội dung cuốn sách gồm 5 phần: Về kinh tế tập thể; Về kinh tế tư nhân; Công nghiệp hoá, hiện đại hoá nông nghiệp, nông thôn; Về công tác tư tưởng, lý luận; Về hệ thống chính trị ở cơ sơ.
Na minha lista:
| Autor Corporativo: | |
|---|---|
| Formato: | Livro |
| Idioma: | Vietnamese |
| Publicado em: |
H.
Chính trị Quốc gia
2002
|
| Assuntos: | |
| Tags: |
Adicionar Tag
Sem tags, seja o primeiro a adicionar uma tag!
|
| Thư viện lưu trữ: | Mạng thư viện Đại học Đà Nẵng |
|---|
| LEADER | 01458nam a2200349 4500 | ||
|---|---|---|---|
| 001 | 000007631 | ||
| 003 | 3794 | ||
| 005 | 20111010091052.0 | ||
| 008 | 111010s2002 viesd | ||
| 020 | |c 7200đ | ||
| 041 | 0 | |a vie | |
| 082 | |a 324.2597071 |b Ban | ||
| 110 | |a Ban tư tưởng - Văn hoá trung ương | ||
| 245 | 0 | |a Tài liệu tham khảo phục vụ nghiên cứu, học tập các nghị quyết hội nghị lần thứ năm ban chấp hành trung ương Đảng khoá IX | |
| 260 | |a H. |b Chính trị Quốc gia |c 2002 | ||
| 300 | |a 241 tr. |c 19 cm | ||
| 520 | |a Nội dung cuốn sách gồm 5 phần: Về kinh tế tập thể; Về kinh tế tư nhân; Công nghiệp hoá, hiện đại hoá nông nghiệp, nông thôn; Về công tác tư tưởng, lý luận; Về hệ thống chính trị ở cơ sơ. | ||
| 653 | |a Nghị quyết | ||
| 653 | |a Hội nghị | ||
| 653 | |a Kinh tế | ||
| 653 | |a Chính trị | ||
| 910 | |a Huỳnh Thị Cẩm Lai |d 11/09/2011 | ||
| OWN | |a LSP | ||
| AVA | |a UDN50 |b LSP |d 324.2597071 Ban |e available |t Error 5001 Not defined in file expand_doc_bib_avail. |f 1 |g 0 |h N |i 0 |k 1 | ||
| 999 | |a From the UDN01 | ||
| AVA | |a UDN50 |b LSP |d 324.2597071 Ban |e available |t Error 5001 Not defined in file expand_doc_bib_avail. |f 1 |g 0 |h N |i 0 |k 1 | ||
| TYP | |a Monograph | ||
| TYP | |a Printed language | ||
| 980 | |a Mạng thư viện Đại học Đà Nẵng | ||